00425 a2200157 4500003000400000005001700004008004100021020001800062040000900080082001900089100002800108245007800136250001200214260003200226300000900258OSt20240130105719.0240130b |||||||| |||| 00| 0 eng d a9789382581444 coclc a306.872bALA/P aSulthan Al Amri, Shaikh aPriyathamanu:bOru Bharyayude Paribhavamozhikal /cShaikh Sulthan Al Amri a3rd ed. aKochi:bDa'wa Books,c2014. a70p.